The Oxford guide to English usage. (Record no. 146)
[ view plain ]
| 000 -LEADER | |
|---|---|
| fixed length control field | nam a22 a 4500 |
| 005 - DATE AND TIME OF LATEST TRANSACTION | |
| control field | 20170420161755.0 |
| 008 - FIXED-LENGTH DATA ELEMENTS--GENERAL INFORMATION | |
| fixed length control field | 170420s1994 -uk||||| |||| 00| 0 eng d |
| 020 ## - INTERNATIONAL STANDARD BOOK NUMBER | |
| International Standard Book Number | 0192800248 |
| 040 ## - CATALOGING SOURCE | |
| Original cataloging agency | AKMAL |
| 082 ## - DEWEY DECIMAL CLASSIFICATION NUMBER | |
| Classification number | 428 OXF |
| 090 ## - LOCALLY ASSIGNED LC-TYPE CALL NUMBER (OCLC); LOCAL CALL NUMBER (RLIN) | |
| Classification number (OCLC) (R) ; Classification number, CALL (RLIN) (NR) | 428 |
| Local cutter number (OCLC) ; Book number/undivided call number, CALL (RLIN) | OXF |
| 100 1# - MAIN ENTRY--PERSONAL NAME | |
| Personal name | a Weiner, E. S. C. |
| 9 (RLIN) | 369 |
| 245 14 - TITLE STATEMENT | |
| Title | The Oxford guide to English usage. |
| 250 ## - EDITION STATEMENT | |
| Edition statement | 2nd ed / |
| Remainder of edition statement | compiled by E.S.C. Weiner and Andrew Delahunty. |
| 260 ## - PUBLICATION, DISTRIBUTION, ETC. | |
| Place of publication, distribution, etc. | Oxford : |
| Name of publisher, distributor, etc. | Oxford University Press, |
| Date of publication, distribution, etc. | 1994, c1993. |
| 300 ## - PHYSICAL DESCRIPTION | |
| Extent | xi,306p. ; |
| Dimensions | 20cm |
| 500 ## - GENERAL NOTE | |
| General note | Originally published: Oxford : Clarendon, 1993. _ Previous ed. published as: The Oxford mini guide to English usage. Oxford : Clarendon, 1983. |
| 650 0# - SUBJECT ADDED ENTRY--TOPICAL TERM | |
| Topical term or geographic name entry element | English language |
| General subdivision | Handbooks, manuals, etc. |
| 9 (RLIN) | 370 |
| 700 1# - ADDED ENTRY--PERSONAL NAME | |
| Personal name | Delahunty, Andrew. |
| 9 (RLIN) | 371 |
| 700 1# - ADDED ENTRY--PERSONAL NAME | |
| Personal name | Weiner, E. S. C. |
| Fuller form of name | (Edmund S. C.). |
| 9 (RLIN) | 372 |
| 942 ## - ADDED ENTRY ELEMENTS (KOHA) | |
| Source of classification or shelving scheme | |
| Koha item type | Book |
| 950 ## - LOCAL HOLDINGS (RLIN) | |
| Permanent shelving location, LOC (RLIN) | AKMAL |
| Withdrawn status | Lost status | Source of classification or shelving scheme | Damaged status | Not for loan | Collection code | Home library | Current library | Shelving location | Date acquired | Inventory number | Total Checkouts | Full call number | Barcode | Date last seen | Price effective from | Koha item type |
|---|---|---|---|---|---|---|---|---|---|---|---|---|---|---|---|---|
| NON-FICTION | AKMAL Melaka | AKMAL Melaka | PINJAMAN | 20.04.2017 | 000321 | 428 OXF | 201700281 | 20.04.2017 | 20.04.2017 | Book |
